| 000 | 00400nam a2200145Ia 4500 | ||
|---|---|---|---|
| 008 | 230312s9999||||xx |||||||||||||| ||und|| | ||
| 020 | _a0072263369 | ||
| 082 |
_a005.432 _bROS-U |
||
| 100 | _aCarswell,Ron | ||
| 245 | 0 | _aGuide to parallel operating systems with Windows 10 and Linux | |
| 260 |
_bMcgraw Hill _aNew York _c2007 |
||
| 300 | _a873 | ||
| 650 |
_aComputer _vOperating Systems |
||
| 942 | _cBK | ||
| 999 |
_c16499 _d16499 |
||